|
|
|
|
| LEADER |
00000cab a2200000 a 4500 |
| 001 |
vtls000426434 |
| 003 |
SK-MaSNL |
| 005 |
20260305021519.0 |
| 008 |
160215c1991 xo 0 0 slo |
| 015 |
|
|
|a SNBRB19rr/mm-uuuuu
|
| 035 |
|
|
|a CL0426562
|
| 040 |
|
|
|a SNKBUCL
|b slo
|c SNKBUCL
|e AACR2
|
| 041 |
0 |
|
|a slo
|
| 044 |
|
|
|a xo
|c SK
|
| 080 |
|
|
|a 32-051
|2 1981
|
| 080 |
|
|
|a 52-051
|2 1981
|
| 080 |
|
|
|a 943.76-051"18/19"
|2 1981
|
| 100 |
1 |
|
|a Petrík, Vladimír,
|d 1929-2017
|4 aut
|9 171168
|
| 245 |
1 |
0 |
|a Ďalšie knižky o Štefánikovi
|c Vladimír Petrík
|
| 300 |
|
|
|b Fot. 3.
|
| 500 |
|
|
|a V článku zle uvedený rok 1991 recenzovanej publikácie od Ponickej Hany, správny rok 1990
|
| 600 |
1 |
7 |
|a Štefánik, Milan Rastislav,
|d 1880-1919
|2 snkbucl
|9 86219
|
| 650 |
0 |
7 |
|a biografie
|2 snkbucl
|9 111226
|
| 655 |
|
7 |
|a recenzie
|2 snkbucl
|9 21907
|
| 655 |
|
7 |
|a články z novín a časopisov
|2 snkbucl
|9 267496
|
| 773 |
0 |
|
|t Literárny týždenník
|g Roč. 4, č. 30 (26.7.1991), s. 4
|x 0862-5999
|
| 787 |
0 |
8 |
|i Recenzia:
|a Vároš, Milan
|t Posledný let generála Štefánika
|d Bratislava : Obzor, 1991
|z 8021501499
|
| 787 |
0 |
8 |
|i Recenzia:
|a Ponická, Hana
|t Milan Rastislav Štefánik
|d Bratislava : ČSTK-Pressfoto, 1990
|z 8022600059
|
| 850 |
|
|
|a Slovenská národná knižnica v Martine
|a MTA001
|
| 852 |
|
|
|a SNK
|b KIS3GCP
|
| 958 |
|
|
|a BX
|
| 958 |
|
|
|a RK
|
| 958 |
|
|
|a PETRIKArc/1991
|
| 999 |
|
|
|c 3286552
|d 3288482
|